000 00672nam a2200193 i 4500
001 128754
003 ES-MaACL
005 20230906193344.0
007 t|
008 070524s1913 ve ||||1| spa d
080 _a94(87)
100 1 _aTavera-Acosta, Bartolomé.
_9109419
245 1 0 _aA través de la historia de Venezuela /
_cB. Tavera-Acosta.
260 _aCiudad Bolivar (Venezuela) :
_b[s.n.],
_c1913 (
_fB. Jimeno Castro)
300 _a283 p. :
_bil. ;
_c23 cm.
500 _aEn port.: Primer volumen.
651 4 _aVenezuela-
_xHistoria.
_9140958
852 _aES-MaACL
_jB-13114
_zv.- Dedicatoria autógrafa del autor "para la biblioteca del Ateneo de Madrid"
999 _c128754
_d128754